00748cam a22002177a 4500003000500000005001700005008004100022010001000063011001000073035001000083040000900093100002600102245016600128260007700294300001900371650002700390650002800417650003100445700002800476700002600504CHAP20220329142326.0000629d1996 br r 00110 por d a81756 a82728 a93230 cCHAP00aAvila, Crebio José.10aBaculovirus :binseticida biológico que controla a lagarta da soja : instrucoes de usoc/par Crébio José Avila, Sérgio Arce Gomez e Clarice Zanoni Fontes aDourados :bEmpresa Brasileira de Pesquisa Agropecuaria do Oeste,c1996. ah. desplegable14aAnticarsia semmatilis.14aBaculovirus anticarsia.14aInsecticidas biológicos.0 aFontes, Clarice Zanoni.0 aGómez, Sergio Arce.